Normal view
MARC view
Entry Personal Name
001 - CONTROL NUMBER
- control field: 334847
003 - CONTROL NUMBER IDENTIFIER
- control field: OSt
005 - DATE AND TIME OF LATEST TRANSACTION
- control field: 20220926030802.0
008 - FIXED-LENGTH DATA ELEMENTS
- fixed length control field: 220926|| aca||aabn | a|a d
040 ## - CATALOGING SOURCE
- Original cataloging agency: OSt
- Transcribing agency: OSt
100 ## - HEADING--PERSONAL NAME
- Personal name: Board of Economic Inquiry Punjab (India)
670 ## - SOURCE DATA FOUND
- Source citation: Work cat.: (OSt)650691: Board of Economic Inquiry Punjab (India) 334846, Farm accounts in the Punjab, 1951-52, 1952-53, 1955
